<?xml version="1.0" encoding="UTF-8"?>
<record
    xmlns:xsi="http://www.w3.org/2001/XMLSchema-instance"
    xsi:schemaLocation="http://www.loc.gov/MARC21/slim http://www.loc.gov/standards/marcxml/schema/MARC21slim.xsd"
    xmlns="http://www.loc.gov/MARC21/slim">

  <leader>02543cam a2200337 a 4500</leader>
  <controlfield tag="001">ssj0000721049</controlfield>
  <controlfield tag="005">20201128023605.0</controlfield>
  <controlfield tag="008">120530s2012    stka   frb    001 0 eng d</controlfield>
  <datafield tag="010" ind1=" " ind2=" ">
    <subfield code="a">  2012021957</subfield>
  </datafield>
  <datafield tag="020" ind1=" " ind2=" ">
    <subfield code="a">9780702044991 (pbk.)</subfield>
  </datafield>
  <datafield tag="020" ind1=" " ind2=" ">
    <subfield code="a">0702044997 (pbk.)</subfield>
  </datafield>
  <datafield tag="020" ind1=" " ind2=" ">
    <subfield code="a">9780702045004 (International)</subfield>
  </datafield>
  <datafield tag="020" ind1=" " ind2=" ">
    <subfield code="a">0702045004 (International)</subfield>
  </datafield>
  <datafield tag="040" ind1=" " ind2=" ">
    <subfield code="a">DNLM/DLC</subfield>
    <subfield code="b">eng</subfield>
    <subfield code="c">DLC</subfield>
    <subfield code="d">DLC</subfield>
    <subfield code="d">WaSeSS</subfield>
    <subfield code="d">EG-ScBUE</subfield>
  </datafield>
  <datafield tag="082" ind1="0" ind2="4">
    <subfield code="a">616</subfield>
    <subfield code="b">KUM</subfield>
    <subfield code="2">22</subfield>
  </datafield>
  <datafield tag="245" ind1="0" ind2="0">
    <subfield code="a">Kumar &amp; Clark's clinical medicine /</subfield>
    <subfield code="c">edited by Parveen Kumar, Michael Clark.</subfield>
    <subfield code="h"> </subfield>
  </datafield>
  <datafield tag="246" ind1="3" ind2="0">
    <subfield code="a">Clinical medicine</subfield>
  </datafield>
  <datafield tag="250" ind1=" " ind2=" ">
    <subfield code="a">8th ed., International ed.</subfield>
  </datafield>
  <datafield tag="260" ind1=" " ind2=" ">
    <subfield code="a">Edinburgh ;</subfield>
    <subfield code="a">New York :</subfield>
    <subfield code="b">Saunders / Elsevier,</subfield>
    <subfield code="c">2012.</subfield>
  </datafield>
  <datafield tag="300" ind1=" " ind2=" ">
    <subfield code="a">xiii, 1286 p. :</subfield>
    <subfield code="b">ill. (some col.) ;</subfield>
    <subfield code="c">28 cm.</subfield>
  </datafield>
  <datafield tag="500" ind1=" " ind2=" ">
    <subfield code="a">Index : p. 1237-1286.</subfield>
  </datafield>
  <datafield tag="504" ind1=" " ind2=" ">
    <subfield code="a">Includes bibliographical references.</subfield>
  </datafield>
  <datafield tag="505" ind1="0" ind2=" ">
    <subfield code="a">Ethics / D. Bowman -- Communication / A. Cushing -- Molecular cell biology and genetic disorders / D. Kelsell, C. Byrne and K. Linton -- The immune system and disease / M. Peakman -- Infectious diseases, tropical medicine, and sexuallytransmitted infection / R.G. Finch ... [et al.] -- Nutrition / M. Elia -- Gastrointestinal disease / J. Lindsay, L. Langmead and S. Preston -- Liver, biliary tract, and pancreatic disease / A.K. Burroughs, D. Westaby and G. Dusheiko -- Haematological disease / M.F. Murphy, J. Wainscoat and K.J. Pasi -- Malignant disease / C.J. Gallagher, T.A. Lister and M. Smith -- Palliative care and symptom control / M.J. Johnson, G. Eva and S. Booth -- Rheumatology and bone disease / M. Shipley .. [et al.] -- Renal disease / M.M. Yaqoob -- Water, electrolytes and acid-base balance / M.M. Yaqoob -- Cardiovascular disease -- A.J. Camm and N. Bunce -- Respiratory disease / A.J. Frew and S. Doffman -- Critical care medicine -- C.J. Hinds, D. Watson and R. Pearse -- Drug therapy and poisoning / M. Rawlins and J.A. Vale -- Environmental medicine / M.L. Clark and C.R.A. Clarke -- Endocrine disease / T.A. Howlett and M.J. Levy -- Diabetes mellitus and other disorders of metabolism / E.A.M. Gale and J.V. Anderson -- The special senses / M. Harries ... [et al.] -- Neurological disease / P. Jarman -- Psychological medicine / P.D. White and J. Bourke -- Skin disease / D.G. Paige.</subfield>
  </datafield>
  <datafield tag="650" ind1=" " ind2="7">
    <subfield code="a">Clinical medicine.</subfield>
    <subfield code="2">BUEsh</subfield>
    <subfield code="9">30247</subfield>
  </datafield>
  <datafield tag="651" ind1=" " ind2=" ">
    <subfield code="2">BUEsh</subfield>
  </datafield>
  <datafield tag="653" ind1=" " ind2=" ">
    <subfield code="b">PPhrm</subfield>
    <subfield code="c">October2015</subfield>
  </datafield>
  <datafield tag="655" ind1=" " ind2=" ">
    <subfield code="v">Reading book</subfield>
    <subfield code="9">34232</subfield>
  </datafield>
  <datafield tag="700" ind1="1" ind2=" ">
    <subfield code="a">Kumar, Parveen J.</subfield>
    <subfield code="q">(Parveen June),</subfield>
    <subfield code="e">editor.</subfield>
    <subfield code="9">2172</subfield>
  </datafield>
  <datafield tag="700" ind1="1" ind2=" ">
    <subfield code="a">Clark, Michael L.,</subfield>
    <subfield code="e">editor.</subfield>
    <subfield code="9">2171</subfield>
  </datafield>
  <datafield tag="942" ind1=" " ind2=" ">
    <subfield code="2">ddc</subfield>
    <subfield code="k">616 KUM</subfield>
  </datafield>
  <datafield tag="999" ind1=" " ind2=" ">
    <subfield code="c">20888</subfield>
    <subfield code="d">20860</subfield>
  </datafield>
  <datafield tag="952" ind1=" " ind2=" ">
    <subfield code="0">0</subfield>
    <subfield code="1">0</subfield>
    <subfield code="2">ddc</subfield>
    <subfield code="4">0</subfield>
    <subfield code="7">0</subfield>
    <subfield code="8">Baccah</subfield>
    <subfield code="a">MAIN</subfield>
    <subfield code="b">MAIN</subfield>
    <subfield code="c">0TH</subfield>
    <subfield code="d">2015-10-07</subfield>
    <subfield code="e">Purchase</subfield>
    <subfield code="l">0</subfield>
    <subfield code="o">616 KUM</subfield>
    <subfield code="p">000039865</subfield>
    <subfield code="r">2025-07-15 00:00:00</subfield>
    <subfield code="y">REFERENCE</subfield>
  </datafield>
</record>
